000 00543nam a2200205Ia 4500
003 OSt
005 20220928141236.0
006 a|||||r|||| 00| 0
007 ta
008 220927b |||||||| |||| 00| 0 eng d
024 _a14147
037 _cTextual
040 _aSDCL
_cSDCL
_beng
041 _2eng
_aeng
082 _aO-973, K7
100 _aWoodress James Ed.
_9499434
245 0 _aAmerican literary scholarship
_b An annual 1967.
942 _hO-973, K7
_cTEXL
_2CC
999 _c816556
_d816556